| 000 | 00816cam a2200277 a 4500 | ||
|---|---|---|---|
| 001 | 12231549 | ||
| 005 | 20231124034024.0 | ||
| 008 | 001115s1997 ja a b i001 0 eng d | ||
| 020 | _a9280809229 | ||
| 020 | _a8170366186 | ||
| 040 |
_aMIA _cMIA _dGZM _dZBL _dDLC |
||
| 082 | 0 | 0 |
_a305.4/0954 _221 _bLEE. |
| 100 | 1 | _aDube, Leela. | |
| 245 | 1 | 0 |
_aWomen and kinship : _bperspectives on gender in South and South-East Asia / _cby Leela Dube. |
| 260 |
_aTokyo ; _aNew York : _bUnited Nations University Press, _c1997. |
||
| 300 | _ax, 214 p. : | ||
| 500 | _a"UNUP-922"--T.p. verso. | ||
| 650 | 0 | _aWomen | |
| 650 | 0 | _aKinship | |
| 650 | 0 | _aGender identity | |
| 650 | 0 | _aWomen | |
| 650 | 0 | _aKinship | |
| 650 | 0 | _aGender identity | |
| 856 | 4 | 2 | _uhttp://www.loc.gov/catdir/enhancements/fy1605/00708668-d.html |
| 942 | _cL | ||
| 999 |
_c73 _d73 |
||